header

Economics : principles and tools / (Record no. 259617)

MARC details
000 -LEADER
fixed length control field 00633nam a22001937a 4500
003 - CONTROL NUMBER IDENTIFIER
control field OSt
005 - DATE AND TIME OF LATEST TRANSACTION
control field 20221121111111.0
008 - FIXED-LENGTH DATA ELEMENTS--GENERAL INFORMATION
fixed length control field 221121b xxu||||| |||| 00| 0 eng d
020 ## - INTERNATIONAL STANDARD BOOK NUMBER
International Standard Book Number 0130081515 (hbk. : alk. paper)
International Standard Book Number 0130462373
040 ## - CATALOGING SOURCE
Original cataloging agency DLC
Language of cataloging Eng
Transcribing agency DLC
Description conventions rda
050 ## - LIBRARY OF CONGRESS CALL NUMBER
Classification number HB171.5
Item number .O 84 2002
100 ## - MAIN ENTRY--PERSONAL NAME
Personal name O'Sullivan, Arthur.
245 ## - TITLE STATEMENT
Title Economics : principles and tools /
Statement of responsibility, etc Arthur O'Sullivan, Steven M. Sheffrin.
250 ## - EDITION STATEMENT
Edition statement 3rd ed.
260 ## - PUBLICATION, DISTRIBUTION, ETC. (IMPRINT)
Place of publication, distribution, etc Upper Saddle River, N.J. :
Name of publisher, distributor, etc Prentice Hall,
Date of publication, distribution, etc c2003.
300 ## - PHYSICAL DESCRIPTION
Extent xxxii, 712 p. : ill. (some col.) ;
Dimensions 26 cm.
Accompanying material + 1 CD-ROM (4 3/4 in.)
942 ## - ADDED ENTRY ELEMENTS (KOHA)
Source of classification or shelving scheme Library of Congress Classification
Koha item type Long Loan Books
Holdings
Withdrawn status Lost status Source of classification or shelving scheme Damaged status Not for loan Collection code Home library Current library Shelving location Date acquired Total Checkouts Full call number Barcode Date last seen Price effective from Koha item type
    Library of Congress Classification     Non-fiction Rongo University Library Rongo University Library General Stacks 21/11/2022   HB171.5 .O 84 2002 201700017 21/11/2022 21/11/2022 Long Loan Books

© 2026 Rongo University
Contact us: librarian | system librarian | Rongo university